书目信息 |
| 题名: |
在社会科学中发现哲学
|
|
| 作者: | 邦格, 著 ;吴朋飞 译 | |
| 分册: | ||
| 出版信息: | 北京 科学出版社 2018 |
|
| 页数: | xx, 504页 | |
| 开本: | 24cm | |
| 丛书名: | 社会科学哲学译丛 | |
| 单 册: | ||
| 中图分类: | C02 | |
| 科图分类: | ||
| 主题词: | 社会科学--she hui ke xue--科学哲学--研究 | |
| 电子资源: | ||
| ISBN: | 978-7-03-058647-6 | |
| 000 | 01289nam 2200325 450 | |
| 001 | 012001008055 | |
| 005 | 20131022093121.0 | |
| 010 | @a978-7-03-058647-6@dCNY180.00 | |
| 099 | @aCAL 012018178504 | |
| 100 | @a20181119d2018 ekmy0chiy50 ea | |
| 101 | 0 | @achi |
| 102 | @aCN@b110000 | |
| 105 | @ay a 010yy | |
| 106 | @ar | |
| 200 | 1 | @a在社会科学中发现哲学@AZai She Hui Ke Xue Zhong Fa Xian Zhe Xue@f(加) 马里奥·邦格著@g吴朋飞译 |
| 210 | @a北京@c科学出版社@d2018 | |
| 215 | @axx, 504页@d24cm | |
| 225 | 2 | @a社会科学哲学译丛@AShe Hui Ke Xue Zhe Xue Yi Cong |
| 300 | @a教育部重点研究基地山西大学科学技术哲学研究中心、山西省“1331工程”重点学科建设计划资助 | |
| 312 | @a封面英文题名:Finding philosophy in social science | |
| 320 | @a有书目 (第401-470页) 和索引 | |
| 330 | @a本书从与社会科学研究相关的概念、分析过程和哲学问题出发,通过反思和分析潜在于社会科学研究之基础的哲学概念、原则和假设,论证社会科学与哲学之间内在的密切关系。 | |
| 410 | 0 | @12001 @a社会科学哲学译丛 |
| 500 | 10 | @aFinding philosophy in social science@mchinese |
| 606 | 0 | @a社会科学@Ashe hui ke xue@x科学哲学@x研究 |
| 690 | @aC02@v5 | |
| 701 | 1 | @a邦格,@ABang Ge@g(Bunge, Mario)@4著 |
| 702 | 0 | @a吴朋飞@AWu Peng Fei@4译 |
| 801 | 0 | @aCN@b上海新华@c20191020 |
| 905 | @b1180511-2@dC02@e43@f2 | |
| 在社会科学中发现哲学/(加) 马里奥·邦格著/吴朋飞译.-北京:科学出版社,2018 |
| xx, 504页;24cm.-(社会科学哲学译丛) |
| 教育部重点研究基地山西大学科学技术哲学研究中心、山西省“1331工程”重点学科建设计划资助 |
| ISBN 978-7-03-058647-6:CNY180.00 |
| 本书从与社会科学研究相关的概念、分析过程和哲学问题出发,通过反思和分析潜在于社会科学研究之基础的哲学概念、原则和假设,论证社会科学与哲学之间内在的密切关系。 |
| ● |
| 相关链接 |
|
|
|
|
正题名:在社会科学中发现哲学
索取号:C02/43
 
预约/预借
| 序号 | 登录号 | 条形码 | 馆藏地/架位号 | 状态 | 备注 |
| 1 | 1180511 | 211805117 | 第一样本阅览室/ [索取号:C02/43] | 在馆 | |
| 2 | 1180512 | 211805126 | 第一借阅区/ [索取号:C02/43] | 在馆 |